Systém na výučbu tvorby bázy poznatkov : Diplomová práca

Guardado en:
Detalles Bibliográficos
Autor principal: Valovič, Martin (Autor)
Otros Autores: Schreiber, Peter, 1960- (xxx)
Formato: Manuscrito Libro
Lenguaje:eslovaco
Publicado: Trnava : STU v Bratislave MtF KAIA, 2001
Materias:
Etiquetas: Agregar Etiqueta
Sin Etiquetas, Sea el primero en etiquetar este registro!

MARC

LEADER 00000ntm a22000003a 4500
001 stu85570
005 20160719154732.9
008 040402s2001----xo------------------slo-d
040 |a STU  |b slo 
041 0 |a slo 
044 |a xo 
100 1 |a Valovič, Martin  |4 aut 
245 1 |a Systém na výučbu tvorby bázy poznatkov :  |b Diplomová práca 
260 |a Trnava :  |b STU v Bratislave MtF KAIA,  |c 2001 
300 |a 47 s  |c príl 
650 7 |a aplikovaná informatika a automatizácia v priemysle  |2 stusub 
650 7 |a riadenie technologických procesov  |2 stusub 
700 1 |a Schreiber, Peter,  |d 1960-  |4 xxx  |u M6000  |U MTF Materiálovotechnologická fakulta  |T MTF Ústav aplikovanej informatiky, automatizácie a matematiky  |X 247  |U M6000  |Y 86  |7 A000000247